NHL Stanley Cup Champion Point Leaders - Statistics

General Stats
  • This quiz has been taken 18 times
  • The average score is 45 of 99
Answer Stats
Year Team Player % Correct
2018 Capitals Alex Ovechkin
94%
2009 Penguins Evgeni Malkin
94%
2020 Lightning Nikita Kucherov
94%
2017 Penguins Sidney Crosby
94%
2016 Penguins Sidney Crosby
94%
2015 Blackhawks Jonathan Toews
88%
2013 Blackhawks Patrick Kane
88%
2010 Blackhawks Patrick Kane
88%
1988 Oilers Wayne Gretzky
88%
1987 Oilers Wayne Gretzky
88%
1985 Oilers Wayne Gretzky
88%
1984 Oilers Wayne Gretzky
88%
2021 Lightning Brayden Point
81%
1992 Penguins Mario Lemieux
81%
1990 Oilers Mark Messier
81%
2014 Kings Anže Kopitar
75%
2012 Kings Anže Kopitar
75%
2023 Golden Knights Jack Eichel
75%
2001 Avalanche Joe Sakic
75%
1996 Avalanche Joe Sakic
75%
1953 Canadiens Maurice Richard
75%
1983 Islanders Mike Bossy
75%
1982 Islanders Mike Bossy
75%
1981 Islanders Mike Bossy
75%
1972 Bruins Phil Esposito
75%
1998 Red Wings Steve Yzerman
75%
1975 Flyers Bobby Clarke
69%
1974 Flyers Bobby Clarke
69%
1980 Islanders Bryan Trottier
69%
1979 Canadiens Guy Lafleur
69%
1978 Canadiens Guy Lafleur
69%
1977 Canadiens Guy Lafleur
69%
1976 Canadiens Guy Lafleur
69%
2004 Lightning Martin St. Louis
69%
2022 Avalanche Mikko Rantanen
69%
2008 Red Wings Pavel Datsyuk
69%
2025 Panthers Sam Reinhart
69%
2024 Panthers Sam Reinhart
69%
1970 Bruins Bobby Orr
63%
1999 Stars Mike Modano
63%
2019 Blues Ryan O'Reilly
63%
2007 Ducks Teemu Selänne
63%
1954 Red Wings Gordie Howe
56%
1952 Red Wings Gordie Howe
56%
1971 Canadiens Jean Beliveau
56%
1968 Canadiens Jean Beliveau
56%
1960 Canadiens Jean Béliveau
56%
1957 Canadiens Jean Beliveau
56%
1956 Canadiens Jean Beliveau
56%
1943 Red Wings Syd Howe
56%
2006 Hurricanes Eric Staal
50%
2003 Devils Patrik Eliáš
50%
2000 Devils Patrik Eliáš
50%
2002 Red Wings Brendan Shanahan
44%
1997 Red Wings Brendan Shanahan
44%
David Krejčí
38%
1973 Canadiens Jacques Lemaire
38%
1950 Red Wings Ted Lindsay
38%
1967 Maple Leafs Dave Keon
31%
1964 Maple Leafs Dave Keon
31%
2011 Bruins Milan Lucic
31%
1963 Maple Leafs Frank Mahovlich
25%
1962 Maple Leafs Frank Mahovlich
25%
1931 Canadiens Howie Morenz
25%
1930 Canadiens Howie Morenz
25%
1989 Flames Joe Mullen
25%
1948 Maple Leafs Syl Apps
25%
1946 Canadiens Toe Blake
25%
1993 Canadiens Vincent Damphousse
25%
1969 Canadiens Yvan Cournoyer
25%
1935 Maroons Earl Robinson
19%
1991 Penguins Mark Recchi
19%
1994 Rangers Sergei Zubov
19%
1995 Devils Stéphane Richer
19%
1959 Canadiens Dickie Moore
13%
1958 Canadiens Dickie Moore
13%
1944 Canadiens Elmer Lach
13%
1947 Maple Leafs Ted Kennedy
13%
1945 Maple Leafs Ted Kennedy
13%
1966 Canadiens Bobby Rousseau
6%
1940 Rangers Bryan Hextall
6%
1927 Senators Cy Denneny
6%
1932 Maple Leafs Harvey Jackson
6%
1986 Canadiens Mats Näslund
6%
1951 Maple Leafs Max Bentley
6%
1933 Rangers Bill Cook
0%
1941 Bruins Bill Cowley
0%
1939 Bruins Bill Cowley
0%
1961 Blackhawks Bill Hay
0%
1965 Canadiens Claude Provost
0%
1955 Red Wings Dutch Reibel
0%
1928 Rangers Frank Boucher
0%
1942 Maple Leafs Gordie Drillon
0%
1929 Bruins Harry Oliver
0%
1949 Maple Leafs Harry Watson
0%
1937 Red Wings Marty Barry
0%
1936 Red Wings Marty Barry
0%
1938 Blackhawks Paul Thompson
0%
1934 Blackhawks Paul Thompson
0%
No matching quizzes found
Score Distribution
Percent of People with Each Score
Percentile by Number Answered
Your Score History
You have not taken this quiz